000 01045cac a2200337 i 4500
003 EG-GICUC
005 20260121101438.0
008 000215s1999 enk fr 001 0 eng d
020 _a0421651806
020 _a9780421651807
040 _aDLC
_cDLC
_dDLC
_dEG-GICUC
_beng
_erda
043 _ae------
050 0 0 _aKJE5076
_b.L46 1999
082 0 4 _221
_a342.040
092 0 4 _221
099 _aLaw 08 1999
100 1 _aLenaerts, Koenraad.
245 1 0 _aConstitutional law of the European Union /
_cby Koen Lenaerts and Piet Van Nuffel ; Robert Bray, editor.
264 _aLondon :
_bSweet & Maxwell,
_c1999.
300 _acxliii, 717 page ;
_c24 cm.
336 _atext
_btxt
_2rdacontent
337 _aunmediated
_bn
_2rdamedia
338 _avolume
_bnc
_2rdacarrier
500 _aIncludes index.
650 0 _aConstitutional law
_zEuropean Union countries.
700 1 _aNuffel, Piet Van.
700 1 _aBray, Robert.
856 4 0 _uhttps://fll.law.cu.edu.eg/fulltext/bks/ENGB08-00092.pdf
905 _a10
942 _2ddc
_cBK
_e21
_n0
999 _c48924
_d48924